| 000 | 00635nam a2200205Ia 4500 | ||
|---|---|---|---|
| 008 | 150520s9999 xx 000 0 und d | ||
| 050 | _aHF 5549.5.R3 | ||
| 050 | _b.Al447 2015 | ||
| 100 | _aAlmeria, Nina Cathy Louise. | ||
| 245 | _aEmployee engagement of the college faculty of southville international school and colleges / | ||
| 245 | _cNina Cathy louise Almeria. | ||
| 260 | _aLas PiƱas, Philippines : | ||
| 260 | _bSISC, | ||
| 260 | _c2015. | ||
| 300 | _a68 pages : | ||
| 300 | _billustrations ; | ||
| 300 | _c28 cm. | ||
| 500 | _aIncludes bibliographical references and appendices. | ||
| 650 | _aEmployee motivation | ||
| 999 |
_c284071 _d284071 |
||